000
00228nam a2200097Ia 4500
008
230915s9999 xx 000 0 und d
050
_a
HD 30.22 .D 395 2004
100
_a
DWIVED,D N
245
0
_a
MANAGERIAL ECONOMICS
942
_c
BK
999
_c
75402
_d
75402